Українські народні казки (Запис № 17454)

000 -Маркер запису
Контрольне поле сталої довжини 01924nam a22002537a 4500
003 - Належність контрольного номера
Контрольне поле Uzh_bibl
008 - Кодовані дані
Контрольне поле сталої довжини 260422b |||||||| |||| 00| 0 ukr d
020 ## - Індекс ISBN
ISBN 966-603-270-8
Ціна 24,29
040 ## - Джерело каталогіз.
Код мови каталог. укр.
041 ## - Код мови видання
Код мови оригіналу українська
Код мови тексту українська
080 ## - Індекс УДК
Індекс УДК 821.161.2
090 ## - Шифри
Поличний індекс 821.161.2
Авторський знак К 14
100 ## - Автор
Автор -
245 ## - Назва
Назва Українські народні казки
Продовж. назви Казки Гуцульщини
Відповідальність упоряд. М. Зінчук
260 ## - Вихідні дані
Місце видання Львів
Видавництво "Світ"
Дата видання 2004
300 ## - Фізичний опис
Обсяг 312с.
Тип одиниці В опр.
520 ## - Анотація
Анотація Друга книга українських народних казок продовжує серію, що складається з регіональних збірок, які в сукупності відображають стан побутування казкового епосу в Україні у другій половині XX ст. Казки згруповані за етнографічними регіонами (казки Гуцульщини, Бойківщини, Буковини, Покуття, Закарпаття тощо), у межах цих регіонів – за адміністративними районами та окремими селами. У межах кожного села окремо подані казки різних розповідачів. Мова казок наближена до літературної. Деякі найхарактерніші діалектизми збережені та розтлумачені у примітках під текстом і в словничку наприкінці кожного тому.
521 ## - Примітка про цільове призначення
Примітка про цільове призначення Для широкого кола читачів
546 ## - Примітка про мову
Примітка про мову укр.
650 ## - Тематичні рубрики
Основна рубрика Науково-популярне видання
653 ## - Ключові слова
Ключові слова Пацюк
-- Білокоров
-- Диво
655 ## - Термін індексування — жанр/форма
Жанр/форма Наукова література
Типове ділення Казки
942 ## - ADDED ENTRY ELEMENTS (KOHA)
Джерело класифікації чи схема поличного розташування
Koha item type Книги
Фонди
Статус вилучення Статус втрати/відсутності Джерело класифікації чи схема поличного розташування Статус пошкодження Тип обігу (не для випозичання) Постійне розташування Поточне розташування Розташування у відділі Дата надходження Інвентарний номер Total Checkouts Повний (примірниковий) шифр зберігання Штрих-код Date last seen Дата, для якої чинна ціна заміни Тип одиниці (рівень примірника)
          Бібліотека-філія №2 Бібліотека-філія №2 Абонемент молодший відділ 22/04/2026 54118   181.161.2 19774 22/04/2026 22/04/2026 Книги

Працює на АБІС Коха